000 00887 a2200445 4500
000 BKB
001 070924
005 20200902150911.0
008
010 _a
020 _a
082 _a519.5
_bG59R
100 1 _aGood, Phillip I.
110 _a
245 1 _aResampling methods
_cby Phillip I. Good
250 _a3rd ed.
260 _aBoston
_bBirkhauser
_c2006
300 _a218p.
490 _a
_v
500 _a
600 _a
610 _a
611 _a
630 _a
650 _a
651 _a
654 _a
690 _aResampling (Statistics); Mathematical statistics; Statistics
700 _a
_b
_c
710 _a
_b
_c
711 _a
720 _a
730 _a
740 _a
752 _a
856 _a
_d
_f
904 _a
964 _a
_bENG
_c
_d
_e
_f
_g
965 _a
999 _c4295
_d4295